000 01450cam a2200337 i 4500
001 73125
003 Mx-PuUPA
005 20251020121208.0
008 251015s2021 mx ad||gr|||| 00| 0 spa d
020 _a9786073256957
040 _cMx-PuUPA
_aMx-PuUPA
_bspa
_dMx-PuUPA
_erda
041 1 _aspa
_heng
100 1 _aParkin, Michael,
_d1939-
_96382
_eautor
240 1 0 _aMacroeconomics.
_lEspañol
245 1 0 _aMacroeconomía :
_bversión para Latinoamérica /
_cMichael Parkin ; adaptación de casos, Fernando Samperio Sánchez ; traducción, María de Lourdes Amador Araujo
250 _aDecimosegunda edición
264 _aCiudad de México, México :
_bPearson Educación de México,
_c2021
300 _axxxiv, 398 páginas :
_bilustraciones, gráficas, diagramas, tablas, cálculos, tablas ;
_c28 cm
336 _2rdacontent
_atexto
_btxt
337 _2rdamedia
_asin medio
_bn
338 _2rdacarrier
_avolumen
_bnc
650 7 _2armarc
_aMacroeconomía
700 1 _aSamperio Sánchez, Fernando,
_eadaptador
700 1 _aAmador Araujo, María de Lourdes,
_etraductor
765 0 _aParkin, Michael, 1939-
_b13th edition
_d[Lugar de publicación no identificado] : Pearson Educación, ©2018
_tMacroeconomics.
_z9780134744454
942 _2ddc
_cLI
_h339
_iP2218
999 _c73125
_d73125